[Event "BL 0405 Solinger SG - TV Tegernsee"]
[Site "?"]
[Date "2004.12.12"]
[Round "6.4"]
[White "Hoffmann, Michael"]
[Black "Bischoff, Klaus"]
[Result "0-1"]
[WhiteElo "2468"]
[BlackElo "2559"]
[PlyCount "48"]
[EventDate "2004.??.??"]

1. d4 e6 2. Nf3 Nf6 3. c4 d5 4. Nc3 Be7 5. Bg5 c6 6. e3 Nbd7 7. cxd5 exd5 8.
Qc2 Nh5 9. Bxe7 Qxe7 10. O-O-O Nb6 11. h3 g6 12. Bd3 Ng7 13. g4 Be6 14. Na4
Nxa4 15. Qxa4 O-O 16. Kb1 Ne8 17. Rdg1 Nd6 18. h4 Ne4 19. Qc2 Rac8 20. Ng5 c5
21. Bxe4 cxd4 22. Qd3 dxe4 23. Qxd4 Rfd8 24. Qxa7 Ra8 0-1

[Event "BL 0405 Solinger SG - TV Tegernsee"]
[Site "?"]
[Date "2004.12.12"]
[Round "6.5"]
[White "Boensch, Uwe"]
[Black "Werle, Jan"]
[Result "1/2-1/2"]
[WhiteElo "2540"]
[BlackElo "2457"]
[PlyCount "83"]
[EventDate "2004.??.??"]

1. d4 Nf6 2. c4 e6 3. Nf3 b6 4. g3 Ba6 5. Nbd2 Bb7 6. Bg2 c5 7. e4 cxd4 8. Nxd4
Bc5 9. N4b3 Be7 10. O-O Qc7 11. a4 e5 12. Qe2 Na6 13. Nb1 Rc8 14. N3d2 Bb4 15.
b3 Nc5 16. Ba3 Bxa3 17. Nxa3 a6 18. Nc2 O-O 19. Ne3 a5 20. Nd1 d6 21. Nc3 Rfe8
22. Rfc1 Qb8 23. Rab1 Qa8 24. f3 Ne6 25. Nb5 Qb8 26. Qe3 Bc6 27. Nc3 Nd4 28.
Ne2 Ne6 29. Bh3 Rcd8 30. Rb2 Nd7 31. Nb1 Nec5 32. Nbc3 Nf6 33. Rd1 Qc7 34. Ra1
Rb8 35. Rd1 Rbd8 36. Nc1 Rb8 37. Nd3 Ne6 38. Ne2 Rbd8 39. Rbd2 Qb8 40. Ndc1 Nc5
41. Nc3 Qc7 42. Rb2 1/2-1/2

[Event "BL 0405 Solinger SG - TV Tegernsee"]
[Site "?"]
[Date "2004.12.12"]
[Round "6.6"]
[White "Ernst, Sipke"]
[Black "Kindermann, Stefan"]
[Result "0-1"]
[WhiteElo "2521"]
[BlackElo "2536"]
[PlyCount "60"]
[EventDate "2004.??.??"]

1. d4 d5 2. c4 c6 3. Nf3 Nf6 4. Nc3 a6 5. c5 Bf5 6. Bf4 Nbd7 7. h3 e6 8. b4 Ne4
9. Rc1 a5 10. b5 Nxc3 11. Rxc3 cxb5 12. e4 dxe4 13. Ne5 f6 14. g4 fxe5 15. gxf5
exf4 16. fxe6 Nf6 17. Bxb5+ Ke7 18. Rg1 g6 19. Bc4 b5 20. cxb6 Bh6 21. Qc1 Rc8
22. b7 Rc6 23. Bb3 Rxc3 24. Qxc3 Qb6 25. Qc8 Rd8 26. d5 f3 27. Rg4 a4 28. b8=Q
Qxb8 29. d6+ Qxd6 30. Qb7+ Rd7 0-1

[Event "BL 0405 Solinger SG - TV Tegernsee"]
[Site "?"]
[Date "2004.12.12"]
[Round "6.7"]
[White "Teske, Henrik"]
[Black "Drabke, Lorenz Maximilian"]
[Result "1/2-1/2"]
[WhiteElo "2538"]
[BlackElo "2433"]
[PlyCount "82"]
[EventDate "2004.??.??"]

1. e4 c5 2. Nf3 e6 3. d4 cxd4 4. Nxd4 a6 5. Be3 Nf6 6. Nd2 Qc7 7. Bd3 d5 8. f4
dxe4 9. Nxe4 Nd5 10. Qf3 Nxe3 11. Qxe3 Nc6 12. Nxc6 Qxc6 13. O-O-O Bd7 14. Rhe1
h6 15. g4 O-O-O 16. g5 Be7 17. h4 Qa4 18. Kb1 Bc6 19. g6 Bxh4 20. gxf7 Bxe1 21.
Nc5 Qd4 22. Rxe1 Qxe3 23. Rxe3 Rhf8 24. Nxe6 Rxf7 25. Nxd8 Kxd8 26. Rg3 Ke7 27.
Kc1 Kf8 28. Rg4 Bf3 29. Rh4 Rf6 30. Kd2 g5 31. fxg5 hxg5 32. Rh8+ Ke7 33. Ke3
g4 34. Rg8 Kf7 35. Rg5 Rh6 36. Kf4 Rh2 37. b4 Ke7 38. Ke5 Kd7 39. Rg7+ Kc6 40.
a4 Rh5+ 41. Kf4 Rd5 1/2-1/2

[Event "BL 0405 Solinger SG - TV Tegernsee"]
[Site "?"]
[Date "2004.12.12"]
[Round "6.8"]
[White "Zysk, Robert"]
[Black "Bromberger, Stefan"]
[Result "1/2-1/2"]
[WhiteElo "2462"]
[BlackElo "2440"]
[PlyCount "52"]
[EventDate "2004.??.??"]

1. d4 Nf6 2. c4 e6 3. Nc3 c5 4. d5 exd5 5. cxd5 d6 6. e4 g6 7. Bd3 Bg7 8. Nge2
O-O 9. f3 Nbd7 10. O-O Re8 11. a4 a6 12. Bc2 b6 13. Bf4 Ne5 14. Qc1 Bd7 15. Bh6
Bh8 16. h3 b5 17. Ng3 bxa4 18. f4 Nc4 19. Bg5 Bb5 20. Bxa4 Qb6 21. Bc2 Nd7 22.
Rf3 Bg7 23. Ra2 Na5 24. Kh1 Bc4 25. Ra3 Rab8 26. Na4 Qc7 1/2-1/2

[Event "BL 0405 SV Hofheim - SV Mülheim Nord"]
[Site "?"]
[Date "2004.12.12"]
[Round "6.1"]
[White "Landa, Konstantin"]
[Black "Savchenko, Stanislav"]
[Result "1-0"]
[WhiteElo "2571"]
[BlackElo "2497"]
[PlyCount "75"]
[EventDate "2004.??.??"]

1. e4 c5 2. Nf3 d6 3. d4 cxd4 4. Nxd4 Nf6 5. Nc3 a6 6. Be3 e6 7. f3 b5 8. g4 b4
9. Nce2 e5 10. Nb3 Be6 11. g5 Nfd7 12. f4 Nb6 13. f5 Bd7 14. Ng3 a5 15. Qf3 Qc7
16. Nd2 Bc6 17. Bxb6 Qxb6 18. Nc4 Qc5 19. O-O-O a4 20. Be2 Na6 21. Rd2 Nc7 22.
Qe3 Qxe3 23. Nxe3 h6 24. g6 Be7 25. h4 O-O-O 26. Bc4 d5 27. Nxd5 Bc5 28. gxf7
Bxd5 29. Rxd5 Nxd5 30. Bxd5 Rhf8 31. Be6+ Kb8 32. Nh5 Be3+ 33. Kb1 Rd2 34. Nxg7
Rfd8 35. Bd5 b3 36. axb3 axb3 37. Bxb3 Bc5 38. Ne6 1-0

[Event "BL 0405 SV Hofheim - SV Mülheim Nord"]
[Site "?"]
[Date "2004.12.12"]
[Round "6.2"]
[White "Hickl, Joerg"]
[Black "Fridman, Daniel"]
[Result "1/2-1/2"]
[WhiteElo "2530"]
[BlackElo "2578"]
[PlyCount "35"]
[EventDate "2004.??.??"]

1. Nf3 d5 2. g3 g6 3. c4 c6 4. Qa4 Nd7 5. cxd5 cxd5 6. Nc3 Ngf6 7. Bg2 Bg7 8.
O-O O-O 9. d3 h6 10. Be3 a6 11. Qb3 e6 12. Rac1 Re8 13. Rc2 Ng4 14. Bd2 Nge5
15. Nxe5 Nxe5 16. Na4 Rb8 17. Nb6 Bd7 18. Nxd7 1/2-1/2

[Event "BL 0405 SV Hofheim - SV Mülheim Nord"]
[Site "?"]
[Date "2004.12.12"]
[Round "6.3"]
[White "Levin, Felix"]
[Black "Ginsburg, Gennadi"]
[Result "1-0"]
[WhiteElo "2498"]
[BlackElo "2481"]
[PlyCount "75"]
[EventDate "2004.??.??"]

1. d4 d5 2. c4 e6 3. Nc3 c5 4. cxd5 exd5 5. Nf3 Nc6 6. g3 Nf6 7. Bg2 Be7 8. O-O
O-O 9. Bg5 cxd4 10. Nxd4 h6 11. Be3 Re8 12. Rc1 Bf8 13. Nxc6 bxc6 14. Na4 Ng4
15. Bc5 Ba6 16. Rc2 Ne5 17. Bxf8 Kxf8 18. Nc5 Bc8 19. Qd4 Bf5 20. Rc3 Kg8 21.
b3 Qa5 22. Na4 Qa6 23. Re1 Re7 24. Bf1 Qa5 25. Rec1 Rae8 26. Re3 Qc7 27. h3 g5
28. Bg2 Qd7 29. Kh2 h5 30. Nc5 Qd6 31. Kh1 Ng6 32. Rxe7 Rxe7 33. e4 Bc8 34.
exd5 cxd5 35. Ne4 Qd8 36. Nf6+ Kf8 37. Qxd5 Qxd5 38. Rxc8+ 1-0

[Event "BL 0405 SV Hofheim - SV Mülheim Nord"]
[Site "?"]
[Date "2004.12.12"]
[Round "6.4"]
[White "Krivoshey, Sergei"]
[Black "Schebler, Gerhard"]
[Result "1/2-1/2"]
[WhiteElo "2499"]
[BlackElo "2496"]
[PlyCount "114"]
[EventDate "2004.??.??"]

1. Nf3 Nf6 2. d4 g6 3. c4 Bg7 4. Nc3 d6 5. e4 O-O 6. Be2 e5 7. O-O Nc6 8. d5
Ne7 9. Ne1 Nd7 10. Be3 f5 11. f3 f4 12. Bf2 g5 13. a4 a5 14. Nd3 b6 15. Be1 Nf6
16. Nf2 h5 17. h3 Kh8 18. Nb5 Rf7 19. b4 Neg8 20. c5 bxc5 21. bxc5 Bf8 22. c6
Nh6 23. Ra3 Rg7 24. Bd2 g4 25. fxg4 hxg4 26. hxg4 Nhxg4 27. Nxg4 Nxg4 28. Qe1
Kg8 29. Rff3 Be7 30. Rh3 Nf6 31. Bf1 Bxh3 32. Rxh3 Qc8 33. Qh4 Kf7 34. Rh1 Qa6
35. Bd3 Qb6+ 36. Qf2 Qb8 37. Kf1 Rg3 38. Rh3 Rxh3 39. gxh3 Qh8 40. Qf3 Rg8 41.
Be1 Ne8 42. Be2 Kf8 43. Qh5 Qxh5 44. Bxh5 Nf6 45. Bf3 Bd8 46. Bh4 Kf7 47. Be1
Kf8 48. Bxa5 Rg3 49. Kf2 Ne8 50. Bd2 Rxh3 51. a5 Bh4+ 52. Ke2 Rh2+ 53. Kd1 Rh3
54. Ke2 Rh2+ 55. Kd1 Rh3 56. Ke2 Rh2+ 57. Kd1 Rh3 1/2-1/2

[Event "BL 0405 SV Hofheim - SV Mülheim Nord"]
[Site "?"]
[Date "2004.12.12"]
[Round "6.5"]
[White "Saltaev, Mihail"]
[Black "Rechel, Bernd"]
[Result "1/2-1/2"]
[WhiteElo "2485"]
[BlackElo "2408"]
[PlyCount "25"]
[EventDate "2004.??.??"]

1. e4 c5 2. Nf3 d6 3. d4 cxd4 4. Nxd4 Nf6 5. Nc3 a6 6. Bc4 e6 7. a4 Nxe4 8.
Nxe4 d5 9. Bg5 Be7 10. Bxe7 Qxe7 11. O-O dxe4 12. Re1 f5 13. c3 1/2-1/2

[Event "BL 0405 SV Hofheim - SV Mülheim Nord"]
[Site "?"]
[Date "2004.12.12"]
[Round "6.6"]
[White "Houska, Jovanka"]
[Black "Hausrath, Daniel"]
[Result "0-1"]
[WhiteElo "2298"]
[BlackElo "2478"]
[PlyCount "86"]
[EventDate "2004.??.??"]

1. e4 g6 2. d4 Bg7 3. Nf3 d6 4. Be2 a6 5. a4 b6 6. O-O Bb7 7. Nc3 Nd7 8. Be3 e6
9. Qd2 Ngf6 10. d5 e5 11. b4 a5 12. Rfb1 O-O 13. Ne1 Ne8 14. bxa5 Rxa5 15. Nb5
f5 16. f3 fxe4 17. fxe4 Nc5 18. Bf3 Rxa4 19. Rxa4 Nxa4 20. Nd3 Nc5 21. Nxc5
dxc5 22. Ra1 c6 23. Nc3 cxd5 24. exd5 e4 25. Be2 Nd6 26. Ra7 Qb8 27. Ra4 Qe8
28. Ra7 Qb8 29. Ra4 Qe8 30. Ra7 Qe5 31. Nb5 Nxb5 32. Rxb7 Qa1+ 33. Qd1 Qxd1+
34. Bxd1 Nd6 35. Re7 Nf5 36. Rxg7+ Kxg7 37. Bf4 c4 38. g4 Ne7 39. Be5+ Kf7 40.
d6 Nc6 41. Bg3 Ke6 42. g5 Ne5 43. Be2 b5 0-1

[Event "BL 0405 SV Hofheim - SV Mülheim Nord"]
[Site "?"]
[Date "2004.12.12"]
[Round "6.7"]
[White "Wegener, Olaf"]
[Black "Zude, Erik Dr"]
[Result "1-0"]
[WhiteElo "2417"]
[BlackElo "2385"]
[PlyCount "113"]
[EventDate "2004.??.??"]

1. e4 e5 2. Nf3 Nc6 3. Bb5 a6 4. Ba4 d6 5. O-O Nf6 6. Re1 Be7 7. c3 O-O 8. h3
Bd7 9. d4 h6 10. Nbd2 Re8 11. Nf1 Bf8 12. Ng3 g6 13. a3 Na5 14. Bc2 c5 15. b3
b5 16. d5 Nb7 17. b4 Rc8 18. Be3 Re7 19. Qd2 Kh7 20. Bd3 Be8 21. a4 c4 22. Bc2
Nd7 23. a5 Bg7 24. Nh2 Nf6 25. f4 exf4 26. Bxf4 Bd7 27. Nf3 Qh8 28. Nd4 Ne8 29.
Rad1 Kg8 30. Qf2 Bf6 31. Nf1 Bg7 32. Qf3 Nd8 33. Nh2 Nb7 34. Ng4 h5 35. Nh2 Be5
36. Be3 Ng7 37. Qf2 h4 38. Rf1 f6 39. Ng4 Bxg4 40. hxg4 Nd8 41. g5 Rf7 42. Qf3
Rcc7 43. Qh3 Rf8 44. Rf3 Rcf7 45. Rdf1 Ne8 46. Qg4 Ng7 47. gxf6 Qh5 48. Qg5 Ne8
49. Qxh5 gxh5 50. Bh6 Bxf6 51. Bxf8 Rxf8 52. e5 dxe5 53. Ne6 Nxe6 54. dxe6 Kg7
55. Rd1 Be7 56. Rd7 Rxf3 57. Rxe7+ 1-0

[Event "BL 0405 SV Hofheim - SV Mülheim Nord"]
[Site "?"]
[Date "2004.12.12"]
[Round "6.8"]
[White "Buchal, Stephan"]
[Black "Kern, Guido"]
[Result "1/2-1/2"]
[WhiteElo "2365"]
[BlackElo "2355"]
[PlyCount "84"]
[EventDate "2004.??.??"]

1. g3 d5 2. Bg2 c6 3. d3 Bg4 4. f4 e6 5. Nd2 Bc5 6. c3 Bxg1 7. Rxg1 Qb6 8. Rf1
Ne7 9. h3 Bh5 10. g4 Bg6 11. e4 Qe3+ 12. Qe2 Qxe2+ 13. Kxe2 f6 14. Nb3 Bf7 15.
e5 fxe5 16. fxe5 Nd7 17. d4 h6 18. Be3 O-O 19. Nc1 Ng6 20. Nd3 Nh4 21. Bh1 g5
22. Bf2 Ng6 23. Bg3 Kg7 24. Ke3 Bg8 25. b3 Bh7 26. Bg2 Nh4 27. Bxh4 Bxd3 28.
Rxf8 Rxf8 29. Bg3 Bg6 30. c4 Nb6 31. Rc1 Ra8 32. Rc3 a5 33. c5 Nd7 34. a4 Nb8
35. Kd2 Na6 36. Rc1 Nb4 37. Rf1 Rf8 38. Rxf8 Kxf8 39. Bf1 Be4 40. Bf2 Kf7 41.
Be2 Kg7 42. Kc3 Kf7 1/2-1/2

[Event "BL 0405 SG Köln Porz - SF Katernberg"]
[Site "?"]
[Date "2004.12.12"]
[Round "6.2"]
[White "Van Wely, Loek"]
[Black "Naiditsch, Arkadij"]
[Result "1/2-1/2"]
[WhiteElo "2681"]
[BlackElo "2611"]
[PlyCount "32"]
[EventDate "2004.??.??"]

1. Nf3 Nf6 2. c4 e6 3. Nc3 d5 4. d4 dxc4 5. e4 Bb4 6. Bg5 c5 7. e5 h6 8. exf6
hxg5 9. fxg7 Rg8 10. Qc2 cxd4 11. Qh7 Ke7 12. O-O-O Bxc3 13. bxc3 Qa5 14. Qxg8
Qxc3+ 15. Kb1 Qb4+ 16. Kc2 Qc3+ 1/2-1/2

[Event "BL 0405 SG Köln Porz - SF Katernberg"]
[Site "?"]
[Date "2004.12.12"]
[Round "6.3"]
[White "Glek, Igor V"]
[Black "Sokolov, Ivan"]
[Result "0-1"]
[WhiteElo "2580"]
[BlackElo "2663"]
[PlyCount "108"]
[EventDate "2004.??.??"]

1. e4 e5 2. Nf3 Nc6 3. Bb5 Nf6 4. d3 d6 5. c3 Be7 6. Nbd2 O-O 7. O-O Nb8 8. d4
c6 9. Bd3 Qc7 10. Re1 Nbd7 11. Nf1 Re8 12. Ng3 Nf8 13. h3 Ng6 14. Nf5 h6 15. a4
Nh7 16. dxe5 dxe5 17. Bc4 Bf8 18. Be3 Bxf5 19. exf5 Ne7 20. g4 e4 21. Nd4 Rad8
22. g5 hxg5 23. Qh5 Nd5 24. Bxg5 Be7 25. Bxe7 Rxe7 26. Kh1 e3 27. fxe3 Ndf6 28.
Qf3 Rde8 29. Re2 Ng5 30. Qf4 Qxf4 31. exf4 Nxh3 32. Rae1 Rxe2 33. Rxe2 Nxf4 34.
Rxe8+ Nxe8 35. a5 a6 36. Kh2 Nd6 37. Bf1 Nd5 38. Bd3 Ne3 39. Kg3 Nd1 40. Kf4
Nxb2 41. Be2 Nbc4 42. Nb3 Kf8 43. f6 gxf6 44. Bxc4 Nxc4 45. Ke4 Ke7 46. Kd4 Nd6
47. c4 f5 48. c5 Ne8 49. Ke5 Ng7 50. Nd2 Ne6 51. Kxf5 Nxc5 52. Nc4 f6 53. Nb6
Kd6 54. Nc4+ Kd5 0-1

[Event "BL 0405 SG Köln Porz - SF Katernberg"]
[Site "?"]
[Date "2004.12.12"]
[Round "6.6"]
[White "Graf, Alexander"]
[Black "L'Ami, Erwin"]
[Result "1/2-1/2"]
[WhiteElo "2646"]
[BlackElo "2516"]
[PlyCount "47"]
[EventDate "2004.??.??"]

1. d4 Nf6 2. c4 g6 3. g3 Bg7 4. Bg2 d5 5. cxd5 Nxd5 6. Nf3 Nb6 7. O-O Nc6 8.
Nc3 Nxd4 9. Nxd4 Qxd4 10. Qxd4 Bxd4 11. Nb5 Be5 12. Bf4 Bxf4 13. gxf4 Kd8 14.
Rfd1+ Nd7 15. Rac1 c6 16. Nd4 e6 17. b4 Ke7 18. b5 c5 19. Nb3 Rd8 20. Na5 Rb8
21. Rd3 Nf6 22. Rxd8 Kxd8 23. Rxc5 Ne8 24. a4 1/2-1/2

[Event "BL 0405 SG Köln Porz - SF Katernberg"]
[Site "?"]
[Date "2004.12.12"]
[Round "6.7"]
[White "Senff, Martin"]
[Black "Gurevich, Mikhail"]
[Result "1/2-1/2"]
[WhiteElo "2430"]
[BlackElo "2644"]
[PlyCount "95"]
[EventDate "2004.??.??"]

1. e4 e6 2. d4 d5 3. exd5 exd5 4. Nf3 Bg4 5. h3 Bh5 6. Qe2+ Qe7 7. Be3 Nc6 8.
Nc3 O-O-O 9. g4 Bg6 10. O-O-O Qb4 11. Bg2 Qa5 12. Ne5 Bb4 13. Nxc6 bxc6 14. Bd2
Nf6 15. f3 c5 16. dxc5 Rhe8 17. Qb5 Qxb5 18. Nxb5 Bxc5 19. Bf4 Bb6 20. h4 h5
21. g5 Re2 22. Bh3+ Kb7 23. Rd2 Rxd2 24. Kxd2 Ne8 25. c3 a6 26. Nd4 Nd6 27. Re1
Bxd4 28. cxd4 Bf5 29. Bxd6 Bxh3 30. Bf4 Be6 31. Re3 g6 32. Rb3+ Kc8 33. Be5 Bh3
34. Kc3 Bf1 35. Kb4 Rd7 36. Kc5 Bc4 37. Ra3 Re7 38. b3 Be2 39. f4 Re6 40. Kxd5
Bf3+ 41. Kc4 Rc6+ 42. Kd3 Kd7 43. Ra5 Ke6 44. Bf6 Bd5 45. Kd2 Kd6 46. Be5+ Ke6
47. Bf6 Kd6 48. Be5+ 1/2-1/2

[Event "BL 0405 SG Köln Porz - SF Katernberg"]
[Site "?"]
[Date "2004.12.12"]
[Round "6.8"]
[White "Hansen, Curt"]
[Black "Siebrecht, Sebastian"]
[Result "1/2-1/2"]
[WhiteElo "2633"]
[BlackElo "2366"]
[PlyCount "45"]
[EventDate "2004.??.??"]

1. d4 g6 2. c4 Bg7 3. Nf3 Nf6 4. g3 O-O 5. Nc3 d5 6. cxd5 Nxd5 7. Bg2 c5 8. O-O
Nxc3 9. bxc3 Nc6 10. e3 Be6 11. Qa4 cxd4 12. cxd4 a6 13. Bd2 Bd5 14. Rfd1 b5
15. Qa3 Qb6 16. Rac1 Rfd8 17. Ne1 Bxg2 18. Kxg2 Qb7 19. Kg1 e5 20. dxe5 Nxe5
21. Bc3 Rxd1 22. Rxd1 Rc8 23. Qb3 1/2-1/2

[Event "BL 0405 SV Werder Bremen - Hamburger SK"]
[Site "?"]
[Date "2004.12.11"]
[Round "5.1"]
[White "Gustafsson, Jan"]
[Black "Hracek, Zbynek"]
[Result "1-0"]
[WhiteElo "2603"]
[BlackElo "2595"]
[PlyCount "77"]
[EventDate "2004.??.??"]

1. d4 Nf6 2. c4 e6 3. g3 c5 4. Nf3 cxd4 5. Nxd4 Qc7 6. Nc3 a6 7. Bg2 Qxc4 8.
O-O Qc7 9. e4 d6 10. Be3 Be7 11. Rc1 Qd8 12. f4 O-O 13. e5 Ne8 14. Qb3 Nd7 15.
Nxe6 fxe6 16. Qxe6+ Rf7 17. Qb3 Nc7 18. e6 Nxe6 19. Qxe6 Nc5 20. Qc4 Be6 21.
Qe2 Qd7 22. Bxc5 dxc5 23. Rcd1 Qc8 24. f5 Bxf5 25. Bd5 Bf6 26. Bxf7+ Kxf7 27.
Qh5+ Bg6 28. Qd5+ Kf8 29. Na4 Qc6 30. Qxc6 bxc6 31. Nb6 Re8 32. Nd7+ Kf7 33.
Nxf6 gxf6 34. Rd6 Re2 35. Rdxf6+ Ke7 36. R6f2 Re3 37. Rc1 Be4 38. Rd2 Bd5 39.
Rxc5 1-0

[Event "BL 0405 SV Werder Bremen - Hamburger SK"]
[Site "?"]
[Date "2004.12.11"]
[Round "5.3"]
[White "Ftacnik, Lubomir"]
[Black "Efimenko, Zahar"]
[Result "1-0"]
[WhiteElo "2533"]
[BlackElo "2594"]
[PlyCount "127"]
[EventDate "2004.??.??"]

1. d4 Nf6 2. Nf3 g6 3. c4 Bg7 4. Nc3 d6 5. e4 O-O 6. Be2 Na6 7. O-O e5 8. Re1
Qe8 9. Bf1 Bg4 10. d5 Nb4 11. Be2 a5 12. Be3 Na6 13. b3 Bd7 14. Nd2 Kh8 15. a3
Ng8 16. Rb1 f5 17. f3 Bh6 18. Bxh6 Nxh6 19. b4 axb4 20. axb4 Qe7 21. Qc1 Nf7
22. Nd1 c5 23. bxc5 Nxc5 24. Nf2 Ra2 25. Nd3 fxe4 26. Nxe4 Nxe4 27. fxe4 Qh4
28. Qe3 Ng5 29. Rf1 Rxf1+ 30. Rxf1 h6 31. Nc1 Ra8 32. Bd3 Qg4 33. Kh1 Be8 34.
Qb6 Qd7 35. c5 Nf7 36. Nb3 Qd8 37. Qxd8 Rxd8 38. Na5 dxc5 39. Nxb7 Rc8 40. Rc1
Rc7 41. Ba6 Rc8 42. Kg1 Ra8 43. Nxc5 Nd6 44. Rb1 Kg8 45. Rb6 Rd8 46. Ne6 Rd7
47. Bb5 Nxb5 48. Rxb5 Ra7 49. Rb8 Kf7 50. Nc5 Ra1+ 51. Kf2 Ra2+ 52. Ke3 Rxg2
53. Nd3 Rg5 54. Rb7+ Kf8 55. d6 Rh5 56. h4 Bc6 57. Rc7 Bb5 58. Rc5 Ba4 59. Nxe5
Kg7 60. Ra5 Be8 61. Ra7+ Kf6 62. d7 Bxd7 63. Nxd7+ Ke6 64. Nf8+ 1-0

[Event "BL 0405 SV Werder Bremen - Hamburger SK"]
[Site "?"]
[Date "2004.12.11"]
[Round "5.4"]
[White "Babula, Vlastimil"]
[Black "Hansen, Sune Berg"]
[Result "1-0"]
[WhiteElo "2571"]
[BlackElo "2551"]
[PlyCount "105"]
[EventDate "2004.??.??"]

1. d4 Nf6 2. c4 e6 3. Nf3 b6 4. a3 Ba6 5. Qc2 Bb7 6. Nc3 c5 7. e4 cxd4 8. Nxd4
Nc6 9. Nxc6 Bxc6 10. Qe2 d6 11. g3 Be7 12. Bg2 O-O 13. O-O Nd7 14. Bf4 Qb8 15.
Rad1 Rc8 16. Rd2 Ne5 17. b3 a6 18. a4 Ra7 19. Rfd1 Ra8 20. h4 Qc7 21. Bh3 Re8
22. h5 h6 23. Bg2 Red8 24. Rc2 Bb7 25. Rcd2 Rac8 26. Na2 Rb8 27. Nb4 Qc5 28.
Nd3 Nxd3 29. Rxd3 e5 30. Bd2 Bc8 31. Bf3 b5 32. cxb5 axb5 33. Rc3 Qa7 34. Rdc1
Bd7 35. Rc7 Rb7 36. Rxb7 Qxb7 37. a5 b4 38. Be3 Ra8 39. Bb6 Bd8 40. Bxd8 Rxd8
41. Qd2 Be6 42. Ra1 Bxb3 43. Rb1 Be6 44. Rxb4 Qa7 45. Ra4 Rb8 46. Ra1 Qa6 47.
Be2 Qc6 48. a6 Qxe4 49. Qxd6 Rb3 50. a7 Rxg3+ 51. fxg3 Qe3+ 52. Kf1 Bh3+ 53.
Ke1 1-0

[Event "BL 0405 SV Werder Bremen - Hamburger SK"]
[Site "?"]
[Date "2004.12.11"]
[Round "5.5"]
[White "Wahls, Matthias"]
[Black "Nyback, Tomi"]
[Result "1/2-1/2"]
[WhiteElo "2551"]
[BlackElo "2554"]
[PlyCount "47"]
[EventDate "2004.??.??"]

1. c4 e6 2. Nf3 Nf6 3. g3 d5 4. b3 d4 5. e3 Nc6 6. Bg2 e5 7. O-O Bg4 8. h3 Bh5
9. d3 Bc5 10. g4 dxe3 11. Bxe3 Bxe3 12. fxe3 Bg6 13. d4 Qe7 14. d5 Nb4 15. Nh4
Bd3 16. Nf5 Qc5 17. Nxg7+ Kf8 18. Qf3 Bxf1 19. Ne6+ fxe6 20. Qxf6+ Kg8 21.
Qxe6+ Kf8 22. Qf6+ Kg8 23. Qe6+ Kf8 24. Qf6+ 1/2-1/2

[Event "BL 0405 SV Werder Bremen - Hamburger SK"]
[Site "?"]
[Date "2004.12.11"]
[Round "5.6"]
[White "Fish, Gennadij"]
[Black "Bezold, Michael"]
[Result "1-0"]
[WhiteElo "2523"]
[BlackElo "2532"]
[PlyCount "83"]
[EventDate "2004.??.??"]

1. d4 d6 2. Nf3 g6 3. c4 Bg7 4. Nc3 c5 5. g3 Nc6 6. d5 Na5 7. Bg2 Bd7 8. Qd3 a6
9. b3 Bf5 10. Qd2 b5 11. cxb5 axb5 12. Bb2 b4 13. Nd1 Nf6 14. O-O O-O 15. Ne3
Be4 16. Bh3 Bh6 17. Qd1 Bxe3 18. fxe3 Bxd5 19. Bxf6 Bxf3 20. Rxf3 exf6 21. Qd5
Qe7 22. e4 Qe5 23. Rd1 Rad8 24. g4 Rfe8 25. Qxe5 dxe5 26. Rdf1 Rd2 27. Rxf6 Re7
28. g5 Kg7 29. Bg4 Rxa2 30. Rd1 Nxb3 31. Rd8 Nd2 32. Rc6 Nxe4 33. h4 h6 34. Bf3
f5 35. gxh6+ Kh7 36. h5 b3 37. hxg6+ Kxh6 38. Rh8+ Kg7 39. Rh7+ Kf8 40. Rc8+
Re8 41. g7+ Kf7 42. Rxe8 1-0

[Event "BL 0405 SV Werder Bremen - Hamburger SK"]
[Site "BL 04/05"]
[Date "2004.12.11"]
[Round "5.7"]
[White "Langrock, Hannes"]
[Black "Schandorff, Lars"]
[Result "1/2-1/2"]
[WhiteElo "2407"]
[BlackElo "2510"]
[PlyCount "42"]
[EventDate "2004.??.??"]

1. e4 c5 2. c3 Nf6 3. e5 Nd5 4. d4 cxd4 5. cxd4 d6 6. Nf3 Nc6 7. Bc4 Nb6 8. Bb5
dxe5 9. Nxe5 Bd7 10. Bxc6 Bxc6 11. Nxc6 bxc6 12. O-O g6 13. Qc2 Rc8 14. Rd1 Bg7
15. Bf4 O-O 16. Be5 c5 17. Nc3 cxd4 18. Rxd4 Qe8 19. Bxg7 Kxg7 20. Rad1 Qc6 21.
Qe2 Qc5 1/2-1/2

[Event "BL 0405 SV Werder Bremen - Hamburger SK"]
[Site "?"]
[Date "2004.12.11"]
[Round "5.8"]
[White "Skripchenko-Lautier, Almira"]
[Black "Sebastian, Dirk"]
[Result "1-0"]
[WhiteElo "2474"]
[BlackElo "2371"]
[PlyCount "67"]
[EventDate "2004.??.??"]

1. e4 e5 2. Nf3 Nc6 3. Bb5 a6 4. Bxc6 dxc6 5. O-O f6 6. Qe2 Bd6 7. c3 c5 8. h3
Ne7 9. d4 cxd4 10. cxd4 exd4 11. Nxd4 O-O 12. Nc3 Qe8 13. f4 Kh8 14. Be3 Ng6
15. Rad1 Bd7 16. Qc2 Rd8 17. Nd5 Qf7 18. f5 Ne5 19. b3 Nc6 20. Nf4 Nxd4 21.
Rxd4 Bxf4 22. Bxf4 Bc6 23. Rxd8 Rxd8 24. e5 fxe5 25. Bxe5 Re8 26. Bb2 Kg8 27.
Rf4 Re1+ 28. Kh2 Qd5 29. f6 gxf6 30. Rg4+ Kf8 31. Qxh7 Qd6+ 32. Rg3 Rh1+ 33.
Kxh1 Qxg3 34. Ba3+ 1-0

[Event "BL 0405 Erfurter SK - Preetzer TSV"]
[Site "?"]
[Date "2004.12.11"]
[Round "5.2"]
[White "Votava, Jan"]
[Black "Pedersen, Steffen"]
[Result "1-0"]
[WhiteElo "2505"]
[BlackElo "2441"]
[PlyCount "73"]
[EventDate "2004.??.??"]

1. e4 e6 2. d3 d5 3. Nd2 c5 4. g3 Bd6 5. Bg2 Ne7 6. Ne2 Nbc6 7. O-O O-O 8. f4
Bc7 9. a3 dxe4 10. Nxe4 Bb6 11. Kh1 Nd4 12. Be3 Nef5 13. Bg1 Qc7 14. c3 Nxe2
15. Qxe2 Nd6 16. Rad1 Nxe4 17. Qxe4 Rb8 18. d4 c4 19. Qe5 Bd7 20. Qxc7 Bxc7 21.
d5 exd5 22. Bxa7 Rbd8 23. Bc5 Rfe8 24. Rxd5 b6 25. Bb4 Ba4 26. Rxd8 Rxd8 27.
Re1 g6 28. Kg1 Rd2 29. Bf1 Rxb2 30. Bxc4 b5 31. Bd5 Bb6+ 32. Kh1 Rd2 33. c4
Rxd5 34. cxd5 Bb3 35. Re8+ Kg7 36. Bc3+ f6 37. Bxf6+ 1-0

[Event "BL 0405 Erfurter SK - Preetzer TSV"]
[Site "?"]
[Date "2004.12.11"]
[Round "5.3"]
[White "Fries Nielsen, Jens Ove"]
[Black "Kuczynski, Robert"]
[Result "1/2-1/2"]
[WhiteElo "2379"]
[BlackElo "2475"]
[PlyCount "32"]
[EventDate "2004.??.??"]

1. Nf3 d5 2. e3 Nf6 3. b3 e6 4. Bb2 Bd6 5. g4 h6 6. Rg1 Qe7 7. c4 e5 8. cxd5
Nxd5 9. d3 Nc6 10. Nbd2 Be6 11. a3 Qd7 12. h3 f6 13. b4 a6 14. Ne4 h5 15. gxh5
Bxh3 16. Bxh3 Qxh3 1/2-1/2

[Event "BL 0405 Erfurter SK - Preetzer TSV"]
[Site "?"]
[Date "2004.12.11"]
[Round "5.4"]
[White "Machelett, Heiko"]
[Black "Skytte, Rasmus"]
[Result "1-0"]
[WhiteElo "2401"]
[BlackElo "2392"]
[PlyCount "67"]
[EventDate "2004.??.??"]

1. d4 Nf6 2. c4 c5 3. d5 b5 4. cxb5 a6 5. bxa6 g6 6. Nc3 Bxa6 7. Nf3 d6 8. g3
Bg7 9. Bg2 O-O 10. Rb1 Qa5 11. O-O Nbd7 12. Qc2 Rfb8 13. Bd2 Ne8 14. Rfe1 Nc7
15. a4 Qb6 16. b3 Bb7 17. e4 e6 18. dxe6 Nxe6 19. Nb5 d5 20. exd5 Bxd5 21. Bc3
Qb7 22. Qd3 Nf6 23. Qe3 Bc6 24. Nd6 Qc7 25. Nxf7 Nd4 26. Bxd4 cxd4 27. Qc1 Ra7
28. N7e5 Be4 29. Qxc7 Rxc7 30. Rbd1 Bc2 31. Rxd4 Bxb3 32. Rb1 Bh6 33. a5 Nd5
34. Rxd5 1-0

[Event "BL 0405 Erfurter SK - Preetzer TSV"]
[Site "?"]
[Date "2004.12.11"]
[Round "5.5"]
[White "Wisnewski, Christoph"]
[Black "Casper, Thomas"]
[Result "1/2-1/2"]
[WhiteElo "2392"]
[BlackElo "2412"]
[PlyCount "36"]
[EventDate "2004.??.??"]

1. e4 e6 2. d3 d5 3. Qe2 dxe4 4. dxe4 e5 5. Nf3 Nd7 6. Nbd2 Bc5 7. Nc4 Qe7 8.
c3 a5 9. Bg5 Ngf6 10. Ne3 O-O 11. Nd5 Qd6 12. O-O-O Nxd5 13. Rxd5 Qg6 14. Qd2
h6 15. Rxd7 Bxd7 16. Nxe5 Qxg5 17. Qxg5 hxg5 18. Nxd7 Bxf2 1/2-1/2